Представление документа в формате RUSMARC

ПолеНазваниеЗначение
  Тип записи a
  Библиографический уровень a
001 Контрольный номер RU/CBS_UL/BASE/453919482
005 Дата корректировки 20240209175139.6
100 Данные общей обработки __
a Данные общей обработки 20140520d2014 ||| 0rusy0189 ca
101 Язык документа 0_
a Язык текста rus
102 Страна публикации __
a Страна публикации RU
105 Кодированные данные (монография) __
a Кодированные данные (монография) y###||||000|y
200 Заглавие и сведения об ответственности 1_
a Заглавие Два конька – пара
b Общее обозначение материала Текст
e Сведения, относящиеся к заглавию [интервью со знаменитыми фигуристами Л. Белоусовой и О. Протопоповым]
f Первые сведения об ответственности О. Тонкачеева
300 Общие примечания __
a Общие примечания Ограничения по возрасту - 12+
461 Уровень набора _0
1 2000
a Физкультура и спорт
463 Уровень физической единицы _0
1 001RU/CBS_UL/BASE/453918118
1 2000
a №5
v С.28-29
1 210
d 2014
610 Ключевые слова 0_
a Ключевые слова фигуристы
a Ключевые слова фигурное катание
a Ключевые слова интервью
686 Индексы других классификаций __
a Классификационный индекс 75.719.6
2 Код системы ББК
700 Автор _1
a Фамилия Тонкачеева
b Имя (инициалы) О.
g Полное личное имя Оксана
801 Источник записи _0
a Страна RU
b Организация МБУК ЦБС г. Ульяновска
c Дата составления 20140520
g Правила каталогизации RCR
801 Источник записи _1
a Страна RU
b Организация МБУК ЦБС г. Ульяновска
c Дата составления 20140520
g Правила каталогизации RCR
901 Тип документа __
t Тип документа b
w Контрольный № источника RU/CBS_UL/BASE/453918118
910 Корректоры записи __
a Корректор записи Библиотека 18
938 Служебная информация __
a Имя БД period